00382 a2200109 4500001001000000005001700010008004100027245011400068100002000182773005300202999001700255ART_4036420260410161741.0260409a 10aLa producción de arándanos. Régimen legal de la actividad. Conflicto en torno a la personería gremial1 aSlavin, Luis P.0 tDoctrina laboralg- Nº 336 (ago. 2013)wREV4049 c18720d18720